عرض عادي عرض مارك
  • Thompson, William B.,

مدخل إسم شخص

عدد التسجيلات المستخدمة في: 1

001 - رقم الضبط

  • حقل الضبط: 19199

003 - معرف رقم الضبط

  • حقل الضبط: OSt

005 - تاريخ ووقت أخر عملية

  • حقل الضبط: 20121229180125.0

008 - عناصر بيانات ثابتة الطول

  • حقل تحكم ثابت الطول: 121229|||a|||||| | ||| d

040 ## - مصدر الفهرسة

  • هيئة الفهرسة الأصلية: OSt
  • وكالة الكتابة: OSt

100 ## - مدخل -- أسم شخص

  • إسم شخص: Thompson, William B.,
  • تواريخ مرتبطة بالاسم: 1948-

670 ## - بيانات المصدر موجوده

  • الاستشهاد بالمصدر: Work cat.: (OSt)0: Visual perception from a computer graphics perspective /, 2011.